| 000 | 01531cam a2200325 i 4500 | ||
|---|---|---|---|
| 003 | SA-RiAUC | ||
| 005 | 20250418142726.0 | ||
| 008 | 250409s1985 su a g f010 0 ara c | ||
| 020 | _a4274966 | ||
| 040 |
_aSA-RiAUC _bara _cSA-RiAUC _dSA-RiKSU _erda |
||
| 043 | _aa-su--- | ||
| 082 | 0 | 4 |
_a378.53121 _qSA-RiAUC |
| 090 |
_a378.53121 _b ج ا م |
||
| 110 | 2 |
_aجامعة أم القرى _eمؤلف. |
|
| 245 | 1 | 0 |
_aجامعة أم القرى : _bالنشأة والتطور / _cجامعة أم القرى، وزارة التعليم العالي. |
| 264 | 1 |
_aمكة المكرمة : _bوزارة التعليم العالي، جامعة أم القرى، _c1985 |
|
| 300 |
_a107 صفحة : _bإيضاحيات ؛ _c28 × 22 سم |
||
| 336 |
_aنص _btxt _2rdacontent _3كتاب |
||
| 337 |
_aبدون وسيط _bn _2rdamedia |
||
| 338 |
_aمجلد _bnc _2rdacarrier |
||
| 500 | _aوضع بمناسبة وضع حجر الأساس للمدينة الجامعية بجامعة أم القرى. | ||
| 500 | _aس ع /ج ف ر/2ن5ق6. | ||
| 610 | 2 | 7 |
_aجامعة أم القرى _xمطبوعات حكومية _2aucnm |
| 650 | 7 |
_aالجامعات والكليات _zمكة المكرمة _xمطبوعات حكومية _2aucsh |
|
| 650 | 7 |
_aالنصب التذكارية _zمكة المكرمة _xمطبوعات حكومية _2aucsh |
|
| 650 | 7 |
_aالمطبوعات الحكومية _2aucsh |
|
| 651 | 7 |
_aمكة المكرمة _xمطبوعات حكومية _2aucsh |
|
| 942 |
_2ddc _cBOOK _n0 |
||
| 949 |
_aSA-JeALM _d250409 _umohamedma123 _n1 |
||
| 999 |
_c7177 _d7177 |
||